La carrera de indias.

Guardado en:
Formato: Deslizar
Series:América, historia de una conquista
Materias:
Etiquetas: Agregar Etiqueta
Sin Etiquetas, Sea el primero en etiquetar este registro!
LEADER 01025ngm a22002895g 4500
001 CEM.cems022674
008 130507b2004##################0###0#####d
005 20241113164843.0
245 0 0 |a La carrera de indias. 
300 |a 25'. 
490 0 |a América, historia de una conquista 
500 |a En soporte VHS, consultar en ventanilla. 
505 0 |a Control comercial en América. Casa de contrataciones en Sevilla. Contrabando. Carrera de Indias. Comercio en el Río de la Plata. Reglamento de comercio libre. Siglo XVIII. 
538 |a Soporte: VHS - Norma: Pal N - Color: Si - Grabación DRD 2004 - Hitachi=2450 
082 9 8 |/ AME-2 
653 |a HISTORIA AMERICANA 
653 |a CASA DE CONTRATACIONES 
653 |a CONTRATACIONES 
653 |a AMERICA 
653 |a CONQUISTA 
653 |a COLONIZACION 
653 |a INDIAS 
653 |a CONTRABANDO 
653 |a COMERCIO 
653 |a NIVEL PRIMARIO 
653 |a NIVEL SECUNDARIO 
859 |a CEMS  |b BIB. CEMS - Depto. Recursos Didacticos  |h 981  |i AME-2  |k DRD  |p 1317.12  |t Ej.1